| 000 | 00904cam a2200217 i 4500 | ||
|---|---|---|---|
| 999 |
_c58124 _d58124 |
||
| 001 | 20459618 | ||
| 005 | 20221108160653.0 | ||
| 008 | 180419s2018 mdu b 001 0 eng | ||
| 020 | _a9781598579413 X | ||
| 041 | _aeng | ||
| 080 | _a376 + 616.89 C-23 | ||
| 100 | 1 |
_aCarnahan, Christina _912101 |
|
| 245 | 1 | 0 |
_aFacilitating evidence-based practice for students with ASD : _ba classroom observation tool for building quality education / _cby Christina R. Carnahan and K. Alisa Lowrey. |
| 264 | 1 |
_aBaltimore : _bPaul H. Brookes Publishing Co., _c2018. |
|
| 300 |
_a116 pages ; _c28 cm. |
||
| 653 | _aაუტისტი ბავშვები | ||
| 653 | _aДети с аутизмом | ||
| 700 | 1 |
_aLowrey, K. Alisa, _eავტორი _912102 |
|
| 942 |
_2udc _cBK |
||
| 955 |
_bre23 2018-04-19 _ire23 2018-04-19 ONIX (telework) to SL _axn16 2018-10-29 1 copy rec'd., to CIP ver. _are12 2018-11-13 |
||